00405nam a2200181Ia 4500008004100000020001800041050001400059100001800073245001700091245002100108260001500129260001600144260000900160300001600169300002000185300001000205500000800215170918s9999 xx 000 0 und d a9780545035323 bL866 2010 aLord, Cynthia aTouch blue / cby Cynthia Lord. aNew York : bScholastic, c2010 a186 pages : billustrations ; c19cm. a750